Aproveitamento e significado da disciplina de cultura religiosa em três universidades privadas do Rio Grande do Sul Na Percepcao dos alunos
Salvato in:
| Autore principale: | |
|---|---|
| Natura: | Libro |
| Lingua: | portoghese |
| Pubblicazione: |
Salamanca
Universidad Pontificia de Salamanca
1998
|
| Edizione: | 1a. ed |
| Soggetti: | |
| Tags: |
Aggiungi Tag
Nessun Tag, puoi essere il primo ad aggiungerne!!
|
MARC
| LEADER | 00000cam a2200000 a 4500 | ||
|---|---|---|---|
| 001 | UCD5097 | ||
| 003 | CL-VaPUC | ||
| 008 | 160807e19980000sp |||||||||||||||||por|d | ||
| 082 | 0 | 4 | |a 268.4 |b KUC |2 21 |
| 100 | 0 | |a Kuchenbecker, Valter |e author |9 588828 | |
| 245 | 1 | 0 | |a Aproveitamento e significado da disciplina de cultura religiosa em três universidades privadas do Rio Grande do Sul Na Percepcao dos alunos |
| 250 | |a 1a. ed | ||
| 300 | |a 87 p | ||
| 942 | |c BK | ||
| 945 | |d 20160807 22:49:00 |a arojas | ||
| 260 | |a Salamanca |b Universidad Pontificia de Salamanca |c 1998 | ||
| 650 | 0 | |a Educación religiosa |9 308312 | |
| 650 | 0 | |a Educación superior |9 223851 | |
| 650 | 0 | |a Universidades |9 256317 | |
| 650 | 0 | |a Estudiantes |9 257640 | |
| 583 | |a last modification |c 20160807 22:49:00 |k Rodrigo Vera | ||
| 999 | |c 365862 |d 365860 | ||
| 952 | |0 0 |1 0 |3 erb |4 0 |6 268_400000000000000_KUC_1998 |7 0 |8 A |9 479832 |a BIBTEO |b BIBTEO |i 343611K |o 268.4 KUC 1998 |p 343611K |r 2025-01-17 |w 2019-11-24 |y BK |z Catalogado en:20160807 |k ICR | ||